000 00240nam a22001217a 4500
003 SGT
082 _bSWA
100 _aSWADESH
245 _aSWADESH
_bSUDHARSHAN SMRITI
260 _aBHOPAL
_bSWADESH
_c2015
300 _a652
942 _2ddc
_cBK
999 _c29256
_d29256